Fluid mechanics / (Record no. 544968)
[ view plain ]
| 000 -LEADER | |
|---|---|
| fixed length control field | 00753pam a2200217 a 4500 |
| 020 ## - INTERNATIONAL STANDARD BOOK NUMBER | |
| International Standard Book Number | 0070625379 |
| 082 00 - DEWEY DECIMAL CLASSIFICATION NUMBER | |
| Classification number | 620.106 |
| Author Mark | STR |
| -- | L-NUST-01, P-44 |
| 100 1# - MAIN ENTRY--PERSONAL NAME | |
| Personal name | Streeter, Victor L. |
| 9 (RLIN) | 39966 |
| 245 10 - TITLE STATEMENT | |
| Title | Fluid mechanics / |
| Statement of responsibility, etc. | Victor L. Streeter, E. Benjamin Wylie, Keith W. Bedford. |
| 250 ## - EDITION STATEMENT | |
| Edition statement | 9th ed. |
| 260 ## - PUBLICATION, DISTRIBUTION, ETC. | |
| Place of publication, distribution, etc. | Boston : |
| Name of publisher, distributor, etc. | WCB/McGraw Hill, |
| Date of publication, distribution, etc. | c1998. |
| 300 ## - PHYSICAL DESCRIPTION | |
| Extent | xi, 740 p. : |
| Other physical details | ill. ; |
| Dimensions | 26 cm. |
| 526 ## - STUDY PROGRAM INFORMATION NOTE | |
| Program name | 0 |
| Interest level | 0 |
| Reading level | 0 |
| Title point value | 620_106000000000000_STR |
| 650 #0 - SUBJECT ADDED ENTRY--TOPICAL TERM | |
| Topical term or geographic name entry element | Fluid mechanics. |
| 9 (RLIN) | 1678 |
| 650 #0 - SUBJECT ADDED ENTRY--TOPICAL TERM | |
| Topical term or geographic name entry element | NUST / MCE |
| 9 (RLIN) | 26909 |
| 700 1# - ADDED ENTRY--PERSONAL NAME | |
| Personal name | Bedford, Keith W. |
| 9 (RLIN) | 3286 |
| 700 1# - ADDED ENTRY--PERSONAL NAME | |
| Personal name | Wylie, E. Benjamin. |
| 9 (RLIN) | 3285 |
| 856 41 - ELECTRONIC LOCATION AND ACCESS | |
| Uniform Resource Identifier | <a href="http://www.loc.gov/catdir/toc/mh022/97036324.html">http://www.loc.gov/catdir/toc/mh022/97036324.html</a> |
| 856 42 - ELECTRONIC LOCATION AND ACCESS | |
| Uniform Resource Identifier | <a href="http://www.loc.gov/catdir/description/mh023/97036324.html">http://www.loc.gov/catdir/description/mh023/97036324.html</a> |
| 942 ## - ADDED ENTRY ELEMENTS (KOHA) | |
| Source of classification or shelving scheme | |
| Koha item type | Book |
| Withdrawn status | Lost status | Source of classification or shelving scheme | Damaged status | Not for loan | Permanent Location | Current Location | Date acquired | Total Checkouts | Full call number | Barcode | Date last seen | Price effective from | Koha item type |
|---|---|---|---|---|---|---|---|---|---|---|---|---|---|
| Military College of Engineering (MCE) | Military College of Engineering (MCE) | 05/15/2014 | 620.106 STR | MCE-44464 | 05/15/2014 | 05/15/2014 | Book |
